History Quiz

Random History or Clickable Quiz

Major Events in 'Zero' Years Quiz Stats

 Plays Quiz Updated Jun 10, 2015

Challenge
Share
Tweet
Embed
Score 0/22 Timer 06:00
4 Plays Today
% Correct
1950
83.7%
1990
83.1%
2010
79.2%
1970
76.1%
1980
73.7%
1860
71.5%
1800
68.2%
2000
66.3%
1920
62%
1940
62%
1960
61.1%
% Correct
1930
49.7%
1870
49.5%
1850
47.4%
1810
40.8%
1900
33.8%
1840
33.4%
1820
29.1%
1880
27.6%
1910
25.4%
1890
24.7%
1830
24.4%

You're not logged in!

Compare scores with friends on all Sporcle quizzes.
OR
Log In

You Might Also Like...

Show Comments

Extras

Top Quizzes Today


Score Distribution

Your Account Isn't Verified!

In order to create a playlist on Sporcle, you need to verify the email address you used during registration. Go to your Sporcle Settings to finish the process.

Report this User

Report this user for behavior that violates our Community Guidelines.

Details: